000 nam a22 a 4500
999 _c4037
_d4037
005 20170524163206.0
008 170524b1984 nyu||||| |||| 00| 0 eng d
020 _a0673158772
020 _a067346508X
020 _a0673179592 (pbk)
040 _aAKMAL
082 0 4 _a808.51 GRO
090 _a808.51
_bGRO
100 1 _aEhninger, Douglas.
_97907
245 0 0 _aPrinciples of speech communication /
_bDouglas Ehninger, Bruce E. Gronbeck, Alan H. Monroe.
250 _a11th brief ed.
260 _aGlenview, Ill. :
_bScott, Foresman,
_cc1984.
300 _a368p
_c23cm
650 0 _aPublic speaking.
_9488
700 1 _aGronbeck, Bruce E.
_97908
700 1 _aMonroe, Alan Houston.
_97909
852 4 1 _aBritish Library
_bDSC
942 _2ddc
_cBOOK